000 00643 a2200181 4500
003 NUST
038 _aNusrat Nadeem
082 _a004.1
100 _aAdeel Muhammad Malik
_991607
245 _aRaw network data collection and classification
_cAdeel Muhammad Malik & Usama Qayyum
260 _aIslamabad :
_bNUST School of Electrical Engineering & Computer Science,
_c2009.
300 _aviii, 60 p. :
_bill. ;
_c27 cm +
_eCD-ROM
500 _aSupervisors : Dr. Kamran Aziz, Dr. Khalid Latif.
563 _aHB
700 _aUsama Qayyum
_991608
856 _uhttp://10.250.8.41:8080/xmlui/handle/123456789/10256
942 _cPR
_kBICSE-3 ADE
_2ddc
999 _c10034
_d10034